000 00439cam a22001337a 4500
008 180718b1998 xxu||||| |||| 00| 0 eng d
082 _aA81x54 91/9/PT2A
100 _aCensus of India 1991
245 _aHimachal Pradesh: general population tables
260 _aDelhi
_bThe Controller of Publications
_c1998
300 _a227+p.
440 _aCensus of India 1991. Series-9, Himachal Pradesh. Part-IIA
650 _aHimachal Pradesh - Census
999 _c486494
_d486494